The Entire 'Fontaines D.C.' Discography (2026) - Statistics

General Stats
  • This quiz has been taken 157 times
    84 since last reset
  • The average score is 45 of 66
Answer Stats
% Correct
Skinty Fia
98%
I Love You
97%
Romance
97%
Romance (Deluxe Edition)
97%
A Hero's Death
94%
Big
92%
Jackie Down The Line
92%
Starburster
92%
Starburster In Heaven (Lady in the Radiator Song) [Live]
92%
Bug
90%
Favourite
90%
Roman Holiday
90%
Here's The Thing
86%
Death Kink
84%
Desire
84%
It's Amazing To Be Young
84%
Big Shot
83%
In The Modern World
83%
Motorcycle Boy
83%
A Hero's Death - Soulwax Remix
81%
Nabokov
81%
A Lucid Dream
79%
Boys In the Better Land
79%
Boys in the Better Land - Darklands Verskion
79%
Chequeless Reckless / Boys in the Better Land
79%
Roy's Tune
79%
The Couple Across The Way
76%
Dogrel
75%
No
75%
Sundowner
75%
Televised Mind
75%
Televised Mind - Dave Clarke Remix
75%
Liberty Belle
73%
Liberty Belle
73%
Liberty Belle - Darklands Version
73%
I Don't Belong
71%
I Don't Belong (A Take Away Show by La Blogothèque)
71%
Before You I Just Forget
70%
Dublin City Sky
70%
Sha Sha Sha
70%
Horseness Is The Whatness
67%
In ár gCroíthe go deo
67%
Chequeless Reckless
62%
Oh Such A Spring
62%
Bloomsday
60%
Sunny
60%
Television Screens
60%
Too Real
57%
Chequeless Reckless - Darklands Version
56%
You Said
56%
How Cold Love Is
54%
One - Skinty Fia Sessions
54%
Hurricane Laughter
52%
Hurricane Laughter / Winter In The Sun
52%
Living In America
52%
Hurricane Laughter - Darklands Version
51%
Twinkle - Skinty Fia Sessions
49%
I Was Not Born
44%
Love Is The Main Thing
44%
The Lotts
44%
Rocket To Russia - Darklands Version
40%
'Cello Song
35%
Winter In The Sun - Darklands Version
29%
The Cuckoo Is A-Callin'
21%
Skinty Fia go deo
13%
In ár gCroíthe go deo - Orbital Remix
3%
No matching quizzes found
Score Distribution
Percent of People with Each Score
Percentile by Number Answered
Your Score History
You have not taken this quiz since the last reset